[Event "Krefeld op"]
[Site "Krefeld"]
[Date "2022.08.06"]
[Round "5"]
[White "Hoekstra, Peter"]
[Black "Sonnenschein, Philipp"]
[Result "1/2-1/2"]
[WhiteElo "2042"]
[BlackElo "2180"]
[PlyCount "57"]
[EventDate "2022.08.04"]
[EventType "swiss"]
[EventRounds "9"]
[EventCountry "GER"]
[SourceTitle "CBM 209 Extra"]
[Source "ChessBase"]
[SourceDate "2022.09.30"]
[SourceVersion "1"]
[SourceVersionDate "2022.09.30"]
[SourceQuality "1"]

1. e4 c5 2. Nf3 Nc6 3. Bc4 Nf6 4. e5 d5 5. Bb5 Nd7 6. Bxc6 bxc6 7. d3 g6 8. 0-0 Bg7 9. Re1 0-0 10. Qe2 Nb6 11. h3 Qc7 12. c4 a5 13. a4 e6 14. b3 Nd7 15. Bf4 Nb8 16. Nbd2 Na6 17. Nf1 Nb4 18. Rab1 Rd8 19. Red1 Re8 20. N1h2 f5 21. h4 h6 22. Qe3 d4 23. Qd2 Kh7 24. g4 Rg8 25. Kh1 Bd7 26. Rg1 Be8 27. Rg3 Qe7 28. Rbg1 Bf7 29. Rh3 1/2-1/2

[Event "Krefeld op"]
[Site "Krefeld"]
[Date "2022.08.04"]
[Round "1"]
[White "Hoekstra, Peter"]
[Black "Gierhardt, Vito"]
[Result "1-0"]
[WhiteElo "2042"]
[BlackElo "1495"]
[PlyCount "49"]
[EventDate "2022.08.04"]
[EventType "swiss"]
[EventRounds "9"]
[EventCountry "GER"]
[SourceTitle "CBM 209 Extra"]
[Source "ChessBase"]
[SourceDate "2022.09.30"]
[SourceVersion "1"]
[SourceVersionDate "2022.09.30"]
[SourceQuality "1"]

1. e4 c6 2. d4 d5 3. e5 Bf5 4. h4 h5 5. Bd3 Bxd3 6. Qxd3 e6 7. Nf3 c5 8. c4 Nc6 9. Bg5 Qb6 10. Nbd2 Be7 11. cxd5 exd5 12. dxc5 Bxc5 13. 0-0 Nb4 14. Qb1 Nh6 15. Nb3 Be7 16. e6 Bxg5 17. hxg5 Ng4 18. exf7+ Kxf7 19. a3 Nc6 20. Qf5+ Kg8 21. Qxd5+ Kf8 22. Nc5 Ne7 23. Nd7+ Ke8 24. Nxb6 Nxd5 25. Nxd5 1-0

[Event "Pfalz op-A 11th"]
[Site "Neustadt an der Weinstrasse"]
[Date "2020.02.23"]
[Round "4"]
[White "Degenhard, Simon"]
[Black "Hoekstra, Peter"]
[Result "1/2-1/2"]
[WhiteElo "2283"]
[BlackElo "2022"]
[PlyCount "59"]
[EventDate "2020.02.21"]
[EventType "swiss"]
[EventRounds "9"]
[EventCountry "GER"]
[SourceTitle "CBM 195 Extra"]
[Source "ChessBase"]
[SourceDate "2020.05.31"]
[SourceVersion "1"]
[SourceVersionDate "2020.05.31"]
[SourceQuality "1"]

1. d4 Nf6 2. c4 e6 3. Nc3 Bb4 4. e3 0-0 5. Nf3 d5 6. Bd2 b6 7. Bd3 dxc4 8. Bxc4 Bb7 9. 0-0 Be7 10. Qe2 Ne4 11. Nxe4 Bxe4 12. Rfd1 c5 13. Bc3 Qc8 14. Rac1 Nc6 15. dxc5 Bxc5 16. Ba6 Qe8 17. Ng5 Bd5 18. e4 Bxa2 19. b4 Be7 20. Qxa2 Bxg5 21. Ra1 Qe7 22. Qc4 Nb8 23. Qd4 e5 24. Qxe5 Qxe5 25. Bxe5 Nxa6 26. Rxa6 Rfe8 27. f4 Be7 28. Bc3 Rac8 29. Rxa7 Bf8 30. Be5 1/2-1/2

[Event "Pfalz op-A 11th"]
[Site "Neustadt an der Weinstrasse"]
[Date "2020.02.22"]
[Round "2"]
[White "Schneider, Jana"]
[Black "Hoekstra, Peter"]
[Result "1-0"]
[WhiteElo "2280"]
[BlackElo "2022"]
[PlyCount "83"]
[EventDate "2020.02.21"]
[EventType "swiss"]
[EventRounds "9"]
[EventCountry "GER"]
[SourceTitle "CBM 195 Extra"]
[Source "ChessBase"]
[SourceDate "2020.05.31"]
[SourceVersion "1"]
[SourceVersionDate "2020.05.31"]
[SourceQuality "1"]

1. e4 c5 2. Nf3 g6 3. c4 Nc6 4. d4 cxd4 5. Nxd4 Nf6 6. Nc3 Bg7 7. Be3 Ng4 8. Qxg4 Nxd4 9. Qd1 e5 10. Bd3 d6 11. 0-0 0-0 12. Qd2 Be6 13. Rad1 a6 14. b3 Qd7 15. Ne2 b5 16. Nxd4 exd4 17. Bh6 Bxh6 18. Qxh6 bxc4 19. Bxc4 Bxc4 20. bxc4 Rac8 21. Rxd4 Qe6 22. Rc1 Rc6 23. Qd2 Rfc8 24. Qd3 Rb8 25. f4 Rb2 26. f5 Qf6 27. Rd1 Qg5 28. Qf3 Rc2 29. e5 R6xc4 30. Rxc4 Rxc4 31. f6 Rc8 32. exd6 h5 33. d7 Rd8 34. Qc6 Qe3+ 35. Kh1 Qe6 36. Qd6 Qxd6 37. Rxd6 g5 38. Kg1 Kh7 39. Kf2 Kg6 40. Ke3 Kf5 41. Kd4 h4 42. Kc5 1-0

[Event "Bamberg op 2nd"]
[Site "Bamberg"]
[Date "2019.05.30"]
[Round "2"]
[White "Berghof, Axel"]
[Black "Hoekstra, Peter"]
[Result "1-0"]
[WhiteElo "2155"]
[BlackElo "1979"]
[PlyCount "113"]
[EventDate "2019.05.29"]
[EventType "swiss"]
[EventRounds "7"]
[EventCountry "GER"]
[SourceTitle "CBM 190 Extra"]
[Source "ChessBase"]
[SourceDate "2019.07.15"]
[SourceVersion "1"]
[SourceVersionDate "2019.07.15"]
[SourceQuality "1"]

1. d4 Nf6 2. c4 g6 3. Nc3 Bg7 4. e4 d6 5. f3 0-0 6. Be3 c5 7. dxc5 dxc5 8. Qxd8 Rxd8 9. Bxc5 Nc6 10. Nge2 Nd7 11. Ba3 Nde5 12. Nf4 b6 13. Rd1 Ba6 14. Nfd5 Bxc4 15. Bxe7 Rxd5 16. Rxd5 Nxe7 17. Rxe5 Bxf1 18. Rxe7 Bxg2 19. Rg1 Bf6 20. Rb7 Bh3 21. f4 Bh4+ 22. Kd2 Rd8+ 23. Kc2 Bf2 24. Rg5 Be6 25. Rg2 Be3 26. f5 Bc4 27. Nd5 Bxd5 28. exd5 Rxd5 29. fxg6 hxg6 30. Rxa7 Bc5 31. Rb7 Rd6 32. a3 Rc6 33. Kb3 f5 34. Ka4 f4 35. Rc2 f3 36. b4 f2 37. Rc1 Be7 38. Rf1 Bh4 39. Rd7 Re6 40. Rd2 Kf7 41. Rfxf2+ Bxf2 42. Rxf2+ Ke7 43. Kb5 g5 44. a4 g4 45. Rg2 Re4 46. a5 bxa5 47. Kxa5 Kd6 48. Rc2 Re3 49. Kb6 g3 50. hxg3 Rxg3 51. Rd2+ Ke7 52. b5 Rb3 53. Kc6 Rc3+ 54. Kb7 Rb3 55. b6 Rb1 56. Kc7 Rc1+ 57. Kb8 1-0

[Event "Amsterdam Science Park op-A"]
[Site "Amsterdam"]
[Date "2018.07.15"]
[Round "9"]
[White "Hoekstra, Peter"]
[Black "Floor, Dirk"]
[Result "0-1"]
[WhiteElo "2031"]
[BlackElo "2196"]
[PlyCount "44"]
[EventDate "2018.07.07"]
[EventType "swiss"]
[EventRounds "9"]
[EventCountry "NED"]
[SourceTitle "CBM 185 Extra"]
[Source "ChessBase"]
[SourceDate "2018.07.29"]
[SourceVersion "1"]
[SourceVersionDate "2018.07.29"]
[SourceQuality "1"]

1. e4 d5 2. exd5 Qxd5 3. Nc3 Qa5 4. Nf3 Nf6 5. b4 Qxb4 6. Rb1 Qd6 7. Bc4 c6 8. 0-0 e6 9. d4 Be7 10. Ne5 0-0 11. Bf4 Qd8 12. Qf3 Nbd7 13. Rfd1 Nb6 14. Bd3 Nbd5 15. Nxd5 Nxd5 16. Qe4 f5 17. Qf3 Nc3 18. Nxc6 bxc6 19. Qxc6 Nxd1 20. Qxa8 Qxd4 21. Qf3 Nc3 22. Rb3 Nd5 0-1

[Event "Korbach op 8th"]
[Site "Korbach"]
[Date "2016.10.21"]
[Round "2"]
[White "Hoekstra, Peter"]
[Black "De Visser, Leon"]
[Result "1-0"]
[WhiteElo "2092"]
[BlackElo "2258"]
[PlyCount "76"]
[EventDate "2016.10.20"]
[EventType "swiss"]
[EventRounds "7"]
[EventCountry "GER"]
[SourceTitle "CBM 175 Extra"]
[Source "ChessBase"]
[SourceDate "2016.12.12"]
[SourceVersion "1"]
[SourceVersionDate "2016.12.12"]
[SourceQuality "1"]

1. d4 d5 2. c4 c6 3. Nc3 Nf6 4. e3 e6 5. Nf3 Nbd7 6. b3 Bb4 7. Bd2 0-0 8. Be2 Qe7 9. 0-0 dxc4 10. bxc4 e5 11. Qc2 Re8 12. Ne4 Bxd2 13. Nexd2 exd4 14. exd4 Nf8 15. h3 Ng6 16. Rfe1 Be6 17. Bf1 h6 18. Ne4 Bf5 19. Nxf6+ Qxf6 20. Qb3 Nf4 21. Re3 b6 22. Rae1 Rxe3 23. Qxe3 Be6 24. Ne5 Rc8 25. Qe4 b5 26. Nxc6 bxc4 27. Bxc4 Bxc4 28. Ne7+ Kh8 29. Nxc8 Bd5 30. Qe8+ Kh7 31. Ne7 Nxh3+ 32. Kh2 Qf4+ 33. Kxh3 Bxg2+ 34. Kxg2 Qg4+ 35. Kf1 Qh3+ 36. Ke2 Qe6+ 37. Kd1 Qg4+ 38. Kc2 Qxd4 1-0

[Event "Amsterdam Science Park op-A"]
[Site "Amsterdam"]
[Date "2016.07.15"]
[Round "7"]
[White "Hoekstra, Peter"]
[Black "Jonkman, Harmen"]
[Result "0-1"]
[WhiteElo "2036"]
[BlackElo "2421"]
[PlyCount "72"]
[EventDate "2016.07.09"]
[EventType "swiss"]
[EventRounds "9"]
[EventCountry "NED"]
[SourceTitle "CBM 173 Extra"]
[Source "ChessBase"]
[SourceDate "2016.08.29"]
[SourceVersion "1"]
[SourceVersionDate "2016.08.29"]
[SourceQuality "1"]

1. e4 e5 2. Nf3 Nc6 3. d4 exd4 4. Bc4 Nf6 5. e5 Ng4 6. 0-0 d6 7. exd6 Bxd6 8. Re1+ Kf8 9. h3 Nge5 10. Bb3 Qf6 11. Nxe5 Nxe5 12. Qh5 Bf5 13. Bf4 Re8 14. Nd2 Qg6 15. Qh4 h6 16. Qg3 Qxg3 17. Bxg3 g5 18. Bxe5 Bxe5 19. Nf3 Bf6 20. Rxe8+ Kxe8 21. Re1+ Kf8 22. g4 Bd7 23. Ne5 Be8 24. Bd5 c6 25. Bb3 h5 26. Kg2 hxg4 27. hxg4 Be7 28. Re4 c5 29. Bd5 Rh6 30. Nf3 Rd6 31. Bxb7 Rb6 32. Bd5 Rxb2 33. Bb3 Bc6 34. Re1 a5 35. a4 Bd6 36. Rd1 Bf4 0-1

[Event "Vlissingen HZ op 12th"]
[Site "Vlissingen"]
[Date "2008.08.08"]
[Round "8"]
[White "Hoekstra, Peter"]
[Black "Dek, Lennart"]
[Result "1/2-1/2"]
[WhiteElo "2000"]
[BlackElo "2179"]
[PlyCount "84"]
[EventDate "2008.08.02"]
[EventType "swiss"]
[EventRounds "9"]
[EventCountry "NED"]
[SourceTitle "CBM 125 Extra"]
[Source "ChessBase"]
[SourceDate "2008.09.01"]
[SourceVersion "1"]
[SourceVersionDate "2008.09.01"]
[SourceQuality "1"]

1. e4 c5 2. Nc3 Nc6 3. f4 e6 4. Nf3 Nge7 5. d4 Nxd4 6. Nxd4 cxd4 7. Qxd4 a6 8. Bd3 b5 9. 0-0 Bb7 10. a4 Nc6 11. Qf2 b4 12. Nd5 exd5 13. exd5 Be7 14. dxc6 Bxc6 15. Be3 0-0 16. Bb6 Qc8 17. Bd4 f5 18. Rfe1 Bf6 19. Bxf6 Rxf6 20. Re5 Qf8 21. Qe3 Kh8 22. a5 Qd6 23. Re1 Raf8 24. g3 Bb7 25. Qc5 g6 26. Qxd6 Rxd6 27. b3 Kg7 28. Rc5 Bd5 29. Bxa6 Kf6 30. Rd1 Rxa6 31. Rdxd5 d6 32. Rb5 Ke6 33. Rd4 Rc8 34. Rb6 Rxa5 35. Rdxd6+ Ke7 36. Rdc6 Rc5 37. Rb7+ Kf8 38. Rxc8+ Rxc8 39. Rxb4 Rxc2 40. Rd4 Rb2 41. Rb4 Rb1+ 42. Kg2 Rb2+ 1/2-1/2